| 000 | 00522cam a2200169u 4500 | ||
|---|---|---|---|
| 001 | 000011050 | ||
| 005 | 20200929162340.0 | ||
| 008 | 840830s1924 sp a 000 0 spa | ||
| 010 | _a25023736 | ||
| 040 |
_aDO-SdBNP _cCarP _dDLC |
||
| 050 | 0 | 0 |
_aTA545 _b.P35 |
| 100 | 1 |
_aPasini, Claudio. [from old catalog] _926515 |
|
| 245 | 0 | 0 | _aTratado de topografia,. |
| 260 |
_aBarcelona, : _bG. Gili, _c1924. |
||
| 300 |
_a2 p.l., 617 p. : _billus., diagrs. ; _c24 cm. |
||
| 700 | 2 |
_aAlvarez Valdes, Lino, [from old catalog] _etr. _926516 |
|
| 999 |
_c10778 _d10778 |
||